00397cam a2200145 i 4500020001500000082001500015100002000030245004000050260005200090300003200142500002000174650001400194650002400208700001900232 a003019856900a515.15 YOU1 aYouse, Bevan K.10aCalculus with analytical geometry / aNew York :bHolt, Rinehart and Winston,cc1978. axiv, 769, [79] p. :bill. ; aIncludes index. 0aCalculus. 0aGeometry, Analytic.1 aHardy, F. Lane